Nghề nuôi rắn ri voi
Trình bày đặc điểm sinh học của rắn ri voi. Hướng dẫn cách làm chuồng trại, kỹ thuật nuôi, nuôi rắn sinh sản, phòng và trị bệnh cho rắn
में बचाया:
| मुख्य लेखक: | |
|---|---|
| स्वरूप: | पुस्तक |
| भाषा: | Undetermined |
| प्रकाशित: |
Hà Nội
Nông nghiệp
2011
|
| विषय: | |
| टैग : |
टैग जोड़ें
कोई टैग नहीं, इस रिकॉर्ड को टैग करने वाले पहले व्यक्ति बनें!
|
| Thư viện lưu trữ: | Trung tâm Học liệu Trường Đại học Cần Thơ |
|---|
| LEADER | 00837nam a2200217Ia 4500 | ||
|---|---|---|---|
| 001 | CTU_208906 | ||
| 008 | 210402s9999 xx 000 0 und d | ||
| 020 | |c 19200 | ||
| 082 | |a 639.396 | ||
| 082 | |b M312/Q.13 | ||
| 100 | |a Lê, Hùng Minh | ||
| 245 | 0 | |a Nghề nuôi rắn ri voi | |
| 245 | 0 | |c Lê Hùng Minh, Nguyễn Lân Hùng (Chủ nhiệm chương trình) | |
| 260 | |a Hà Nội | ||
| 260 | |b Nông nghiệp | ||
| 260 | |c 2011 | ||
| 520 | |a Trình bày đặc điểm sinh học của rắn ri voi. Hướng dẫn cách làm chuồng trại, kỹ thuật nuôi, nuôi rắn sinh sản, phòng và trị bệnh cho rắn | ||
| 650 | |a Snakes,Con rắn | ||
| 650 | |x Breeding,Chăn nuôi | ||
| 904 | |i Hải | ||
| 980 | |a Trung tâm Học liệu Trường Đại học Cần Thơ | ||